Studies on the variability and pathogenicity of Rigidoporus lignosus (Record no. 69746)

MARC details
000 -LEADER
fixed length control field 00547nam a2200181Ia 4500
100 ## - MAIN ENTRY--AUTHOR NAME
Personal name Liyanage G W
245 #0 - TITLE STATEMENT
Title Studies on the variability and pathogenicity of Rigidoporus lignosus
260 ## - PUBLICATION, DISTRIBUTION, ETC. (IMPRINT)
Name of publisher Journal of the Rubber Research Institute of Sri Lanka : Conference Proceedings
Year of publication 1977
300 ## - PHYSICAL DESCRIPTION
Number of Pages 363-372
650 ## - SUBJECT ADDED ENTRY--TOPICAL TERM
Topical Term Hevea
650 ## - SUBJECT ADDED ENTRY--TOPICAL TERM
Topical Term Rigidoporus lignosus
650 ## - SUBJECT ADDED ENTRY--TOPICAL TERM
Topical Term White root disease
700 ## - ADDED ENTRY--PERSONAL NAME
Personal name Halangoda L
700 ## - ADDED ENTRY--PERSONAL NAME
Personal name Liyanage A de S
700 ## - ADDED ENTRY--PERSONAL NAME
Personal name Peries O S
942 ## - ADDED ENTRY ELEMENTS (KOHA)
Koha item type Journals
Holdings
Withdrawn status Lost status Damaged status Not for loan Home library Current library Shelving location Date acquired Serial Enumeration / chronology Koha item type
      Journals RRII Library RRII Library Pathology 17/12/2021 Volume 54, Issue 1;2 Journals